Library Banner

پاکستان میں بائیں بازو کی تاریخ اور کردار (Record no. 77456)

MARC details
000 -LEADER
fixed length control field 00401nam a22001337a 4500
005 - DATE AND TIME OF LATEST TRANSACTION
control field 20151015143031.0
008 - FIXED-LENGTH DATA ELEMENTS--GENERAL INFORMATION
fixed length control field 151015b xxu||||| |||| 00| 0 eng d
040 ## - CATALOGING SOURCE
Transcribing agency PK-LaUMT
082 ## - DEWEY DECIMAL CLASSIFICATION NUMBER
Classification number KHC 306.345095491
Item number PAK-
245 ## - TITLE STATEMENT
Title پاکستان میں بائیں بازو کی تاریخ اور کردار
260 ## - PUBLICATION, DISTRIBUTION, ETC. (IMPRINT)
Place of publication, distribution, etc لاہور
Name of publisher, distributor, etc جدوجہد پبلیکیشنز
Date of publication, distribution, etc 1988
300 ## - PHYSICAL DESCRIPTION
Extent 48 ص
942 ## - ADDED ENTRY ELEMENTS (KOHA)
Koha item type Books
Holdings
Withdrawn status Lost status Damaged status Home library Current library Date acquired Full call number Barcode Date last seen Price effective from Koha item type
      UMT Main Campus UMT Main Campus 2015-10-15 KHC 306.345095491 PAK- 71023 2015-10-15 2015-10-15 Books